Quizzes
Events
Quiz Creation
Community
Videos
Private Events
Remove Ads
Sign In
Join for FREE
Feedback
Dark Mode
Quiz Categories
Sports
Geography
Music
Movies
Television
Just For Fun
Miscellaneous
History
Literature
Language
Science
Gaming
Entertainment
Religion
Holiday
For Kids
Quiz Lab
Recent
Popular Today
Quiz Kudos Today
Editor Picks
Curator Picks
Quizzes by...
Day
Popularity
Type
Ratings
Length
Year
Community
Subscriptions
Recent Discussions
Orange Saloon
Badges
Playlists
Quests
Create
Leaderboards
Showdown
Live 5
Trivia Bingo
Activity
Puzzle Library
Sporcle Events
Private Events
Virtual Trivia
Globe League
Become a Host
Pub Owners
SporcleCon
Opinionation
Our Games
Videos
Blog
Mobile Apps
Partnerships
Remove Ads and Go Orange
Feedback
Sports
Athletes
MLB
NBA
NHL
NFL
Soccer
Sports Teams
WWE
NCAA
Football
Premier League
Basketball
Baseball
Hockey
Golf
Tennis
Cricket
Rugby
Auto Racing
Olympics
World Cup
Sports
Athletes
MLB
NBA
NHL
NFL
Soccer
Sports Teams
WWE
NCAA
Football
Premier League
Basketball
Baseball
Hockey
Golf
Tennis
Cricket
Rugby
Auto Racing
Olympics
World Cup
Random Quiz
Search Sporcle
×
Quiz Lab
Quiz Lab
Sports
Basketball
Type in answers that appear in a list
Type in answers that appear in a list
Classic
Best Score? Go Orange.
2012-2013 Creighton Bluejays Schedule Stats
Can you name the 2012-2013 Creighton Bluejays Schedule?
By
ama66144
5m
36 Questions
46 Plays
46 Plays
46 Plays
Comments
Comments
Give Quiz Kudos
Give Quiz Kudos
-
- Ratings
hide this ad
Replay
Link that replays current quiz
Next Quiz
Link to next quiz in quiz playlist
You Got
0%
They Got
Avg Score
69%
Avg Friend Score
Upgrade to see
Score Distribution
Jump to the score distribution portion of the page
Score
0/36
Timer
05:00
0
Plays Today
Date
Opponent
% Correct
Sat, Jan 19
Wichita State
95.7%
Sat, Mar 2
Wichita State
95.7%
Wed, Jan 2
Illinois State
93.5%
Sat, Feb 9
Illinois State
93.5%
Sun, Mar 10
Wichita State
92.9%
Tue, Jan 8
Drake
91.3%
Fri, Jan 11
Missouri State
91.3%
Wed, Jan 23
Drake
91.3%
Wed, Jan 30
Missouri State
91.3%
Thu, Dec 6
Nebraska
89.1%
Sat, Jan 5
Indiana State
89.1%
Wed, Feb 6
Indiana State
89.1%
Sat, Feb 2
Bradley
87%
Wed, Feb 27
Bradley
87%
Fri, Mar 8
Drake
85.7%
Tue, Jan 15
Northern Iowa
84.8%
Wed, Feb 16
Northern Iowa
84.8%
Sun, Jan 27
Southern Illinois
80.4%
Date
Opponent
% Correct
Tue, Feb 19
Southern Illinois
80.4%
Sat, Mar 9
Indiana State
78.6%
Fri, Nov 23
Wisconsin
78.3%
Sat, Dec 29
Evansville
78.3%
Sat, Feb 16
Evansville
78.3%
Sat, Nov 24
Arizona State
73.9%
Wed, Nov 28
Boise State
65.2%
Sat, Dec 15
California
65.2%
Sat, Dec 1
Saint Joseph's
63%
Wed, Dec 19
Tulsa
63%
Sat, Feb 23
Saint Mary's
62.5%
Sun, Mar 24
Duke
61.5%
Fri, Nov 9
North Texas
56.5%
Wed, Nov 14
UAB
56.5%
Sun, Nov 18
Presbyterian
54.3%
Tue, Nov 20
Longwood
54.3%
Sun, Dec 9
Akron
54.3%
Fri, Mar 22
Cincinnati
53.8%
Quiz Playlist
Details
Report
Send in Message
Add To Playlist
Classic:
Type in answers that appear in a list
Quiz Source
Last Updated: Feb 16, 2017
Quiz Scoreboard
CHALLENGE
Sign Up to Join the Scoreboard
Show All
Scores
Hide
Comments
May contain spoilers
Recently Published
Alphabetical 'K' Countries by Flag Minefield
by ylime102
Geography
3m
Pick 6: Fruits
by JohnFran
Miscellaneous
15s
Click the 1999 NBA Draft
by nibperrychub
Sports
2m
More to Explore
Quiz From the Vault
Featured Blog Post
15 Basketball Trivia Facts You Can Be March Mad About
hide this ad
You Might Also Like...
Tags
Basketball Quiz
Bradley
Cal Bears
creighton
Drake
Duke Basketball
illinois
Indiana
Missouri State
NCAA Basketball
Southern Illinois
Wisconsin Basketball
Today's Top Quizzes in Sports
Browse Sports
hide this ad
Today's Top Quizzes in Basketball
Browse Basketball
Top Contributed Quizzes in Sports
1
Les joueurs à 100 buts en Ligue 1 Uber Eats
2
2022 World Cup Stars
3
Millionaire: NBA Finals Edition
4
2024 March Madness Bracket
5
Players with Multiple 50 Home Run Seasons
6
Criteria MLB: Left Handed Sluggers
7
Nickname Match: Athletes VI
8
Iconic Moments in Football - Multiple Choice
9
NFL MVPs ordered
10
NBA Championships Per City
Explore More
Trending Topics
NBA
Crossword
Harry Potter
Disney
Anime
Kpop
Marvel
The Office
Puzzle
Pokémon
NFL
Soccer
WWE
Country
Song
hide this ad
More By:
ama66144
Quiz
Plays
Rating
Category
Featured
Created
2011-2012 Creighton Bluejays Schedule
39
Sports
Jan 24, 2012
Super Bowl Champions in reverse
222
4.67
Sports
Aug 1, 2011
2012-2013 Creighton Bluejays Schedule
46
Sports
Oct 10, 2012
2013-2014 Creighton Bluejays Schedule
41
Sports
Dec 19, 2013
2011-2012 Creighton Bluejays Schedule
39
Sports
Jan 24, 2012
2011-2012 Creighton Bluejays Roster
34
Sports
Jan 24, 2012
Go to Creator's Profile
Score Distribution
Quiz Creator Spotlight
ama66144
Follow
Send a Message
Quizzes Created
-
Created Quiz Play Count
-
More By This Creator
Popular Quizzes Today
1
Find the US States - No Outlines Minefield
2
Pick 6: Fruits
3
Countries of Asia Without Outlines Minefield
4
Alphabetical 'K' Countries by Flag Minefield
5
Match the Book to the Film X
6
The Countries of the World
7
NBA Logic Puzzle
8
Click the 1999 NBA Draft
More Sports Quizzes
Last XI: Ronaldinho
Quiz Lab
Trending Quizzes
First Name TV: Leading Men
Match the Book to the Film II
First Name TV: Leading Women Drama
Match the Book to the Film VI
Pick A Pair: Religious TV
Recently Updated
Women's Final Four Teams by Year
bhenderson79
Presidents Quartet II
eogle
Anything But Clue(do)
eogle
Anything But Oceanian Capitals
eogle
Anything But 7
eogle
Anything But Thing
eogle
Word Ladder: February 29
pecheneg
Song Title Questions
pecheneg
Women's NCAA Tournament #1 Seeds
pecheneg
Celebrity Mug Shots
pecheneg
Trending Topics
NBA
Crossword
Disney
Harry Potter
Kpop
Marvel
Anime
Puzzle
Pokémon
WWE
The Office
NFL
Country
Soccer
Song
Your Account Isn't Verified!
In order to create a playlist on Sporcle, you need to verify the email address you used during registration. Go to your
Sporcle Settings
to finish the process.
Report this User
Report this user for behavior that violates our
Community Guidelines
.
Details:
Send Report
Go to the Sporcle.com Mobile Site →
Comments